000 00641nam a2200253Ia 4500
003 OSt
005 20221007112740.0
006 a|||||r|||| 00| 0
007 ta
008 221006b |||||||| |||| 00| 0 eng d
024 _a29,302
037 _cTextual
040 _aLCO
_cLCO
_beng
041 _2eng
_aeng
082 _aV2:2:(Z), Q2
100 _aLakshmanan AR
_9708435
245 0 _aConstitutinal Law
250 _aIst
260 _aNew
_bDelhi Universal Law Publishing India
_c2012
300 _a250
650 _aCONSTITUTIONAL
942 _hV2:2:(Z), Q2
_cTEXL
999 _c1198865
_d1198865